Jika itu kehendak Allah

Bibliographic Details
Main Author: W.S. Uzala 1954-
Format: Book
Published: Melaka : Media Ink Publishing , 2010
Series:Siri hati ibu umpama lilin
Subjects:

MARC

LEADER 00000cam a2200000 7i4500
001 0000150310
005 20180824.0
020 |a 9789675446139 
090 0 0 |a JF   |b WSU 
100 0 |a W.S. Uzala   |c 1954- 
245 1 0 |a Jika itu kehendak Allah   |c W.S. Uzala 
260 |a Melaka :   |b Media Ink Publishing ,   |c 2010 
300 |a 224p. ;   |c 19cm. 
490 0 |a Siri hati ibu umpama lilin 
650 0 0 |a Children's stories, Malay 
999 |a 00249725   |b BUKU   |c PINJAMAN   |e PERPUSTAKAAN KOMUNITI PETALING JAYA 
999 |a 00277707   |b BUKU   |c PINJAMAN   |e PERPUSTAKAAN KOMUNITI CAW TAMAN MEDAN